000 00629nam a2200241Ia 4500
003 OSt
005 20220918214259.0
006 a|||||r|||| 00| 0
007 ta
008 220917b |||||||| |||| 00| 0 eng d
024 _a136,663
037 _cTextual
040 _aARTS
_cARTS
_beng
041 _2eng
_aeng
082 _aX:8N, K7
100 _aJefkins Frank
_9130612
245 0 _aPlanned press and public relations
260 _aLondon
_bInternational textbook
_c1977
300 _aviii,334p.
_ccm.
650 _aECONOMICS
942 _hX:8N, K7
_cTEXL
_2CC
999 _c259753
_d259753